000 00462nam a2200145Ia 4500
008 151213s9999 xx 000 0 und d
100 _aআল মুজাহিদী।
245 _aএ্যকাডেমাসের বাগান।
_cআল মুজাহিদী।
260 _aঢাকা
_bমিজান।
300 _a8721 p.
650 _aBangla
650 _aগল্প
700 _aআল মুজাহিদী।
999 _c4507
_d4507